5 Biggest Cities : Bulgaria - Statistics

General Stats
  • This quiz has been taken 198 times
    187 since last reset
  • The average score is 4 of 5
Answer Stats
Rank City % Correct
1. Sofia
100%
3. Varna
93%
2. Plovdiv
87%
4. Burgas
78%
5. Ruse
59%
No matching quizzes found
Score Distribution
Percent of People with Each Score
Percentile by Number Answered
Your Score History
You have not taken this quiz since the last reset